000 01423nab a2200217 i 4500
001 768714001
003 CO-MdFUSB
005 20240606163658.0
008 240606t1979 ag ||||| |||| 00| 0 spa d
040 _bspa
_cCO-MdFUSB
_dCO-MdFUSB
041 _aspa
100 _aRamírez, Eduardo,
_eautor
245 3 _aLa visión del mundo en el arte moderno
_c/ Eduardo Ramírez
520 _aParte de la herencia que recibimos de Dios en la creación, es la capacidad de ser como él es: creativos y sensibles ante la belleza. Esta dimensión (otra de las respuestas ante el quehacer artístico) no ha sido abordada en el presente trabajo, pero bien podría ser el comienzo de la reflexión personal del lector. Cada obra de arte nos está comunicando un mensaje y nuestra tarea es descifrarlo. Descifrar primero qué nos está diciendo el artista con un trabajo en particular y descifrar luego, cuál es su cosmovisión y por qué lo expresa. De ahí el valor que las obras de arte tienen para el cristiano. Nos abren un camino para entablar el diálogo con los hombres.
650 0 _aArte y simbolismo cristiano
_91142
650 7 _aArte y religión
_96946
650 0 _aSimbolismo en el arte
_91138
773 0 _069974
_982719
_dBuenos Aires
_oR2611
_tCerteza
_w(CO-MdFUSB)768714001
_gNúmero 73, (abril - junio, 1979) páginas: 12 - 15
_qpágina: 12
942 _cANA
945 _aCatherine Arias Álvarez - Practicante SENA
999 _c70079
_d70079